000 00708nam0a22002291 4500
001 rc\787907
005 20250622132741.0
035 _a(NLR Aleph) 006313343
090 _a7375168
_c7375168
100 _a20040301d1984 |||y0rusy50 ca
101 0 _arus
102 _aRU
105 _ay |||||||||
200 1 _aПрыгающая принцесса
_eИгра в сказку на 2 д.
_fПер. с чеш. С. Ефремова
_gОтв. ред. С. Терешин
210 _aМ.
_cВААП-Информ
_d1984
215 _a26 л.
_d28
700 1 _aДворский
_bЛ.
_gЛадислав
801 0 _aRU
_bNLR
_gpsbo
801 1 _aRU
_bELAR
_2rusmarc
852 _aNLR
_j84-8/1086
942 _cBOOK
980 _aNB